Statistics for Diaspora-Nepal

Click here to take the quiz!

General Stats

  • This quiz has been taken 152 times
  • The average score is 14 of 17

Answer Stats

Number of immigrantsContinentCountry% Correct
1.092.500AsiaIndia
99%
15.950AsiaChina
93%
59.490North AmericaUnited States of America
93%
124.636OceaniaAustralia
88%
131.000EuropeUnited Kingdom
88%
30.780North AmericaCanada
87%
80.038AsiaJapan
87%
325.000AsiaUnited Arab Emirates
84%
400.000AsiaQatar
83%
315.000AsiaSaudi Arabia
83%
50.908AsiaSouth Korea
82%
20.000AsiaThailand
75%
700.000AsiaMalaysia
73%
5.000AsiaSingapore
73%
12.000AsiaKuwait
69%
5.000AsiaOman
69%
200.000AsiaMyanmar
63%

Score Distribution

Percentile by Number Answered

Percent of People with Each Score

Your Score History

You have not taken this quiz